Estadística administrativa del impuesto de derechos reales y transmisión de bienes. (Record no. 173145)

MARC details
000 -LEADER
campo de control de longitud fija 00830nas a2200241 i 4500
001 - NÚMERO DE CONTROL
campo de control 173145
003 - IDENTIFICADOR DE NÚMERO DE CONTROL
campo de control ES-MaACL
005 - FECHA Y HORA DE LA ÚLTIMA TRANSACCIÓN
campo de control 20250809043830.0
008 - DATOS DE LONGITUD FIJA--INFORMACIÓN GENERAL
campo de control de longitud fija 091110d1894195?sp | | ||pa d
022 ## - NÚMERO INTERNACIONAL NORMALIZADO PARA PUBLICACIONES SERIADAS
Número Internacional Normalizado para Publicaciones Seriadas 9951-4834
080 ## - NÚMERO DE LA CLASIFICACIÓN DECIMAL UNIVERSAL
Número de la Clasificación Decimal Universal 336.226.22(460)(083.41)
245 00 - MENCIÓN DEL TÍTULO
Título Estadística administrativa del impuesto de derechos reales y transmisión de bienes.
260 ## - PUBLICACIÓN, DISTRIBUCIÓN, ETC.
Lugar de publicación, distribución, etc. Madrid :
Nombre del editor, distribuidor, etc. Dirección General de Contribuciones e Impuestos,
Fecha de publicación, distribución, etc. 1894-[195?]
300 ## - DESCRIPCIÓN FÍSICA
Extensión 11 v.
310 ## - PERIODICIDAD ACTUAL
Periodicidad actual Anual
362 0# - FECHAS DE PUBLICACIÓN Y/O DESIGNACIÓN SECUENCIAL
Fecha de publicación y/o designación secuencial 1890/1891-[195?]
650 #7 - PUNTO DE ACCESO ADICIONAL DE MATERIA--TÉRMINO DE MATERIA
Término de materia o nombre geográfico como elemento de entrada Impuesto de derechos reales-
Subdivisión geográfica España-
Subdivisión de forma Estadísticas
Fuente del encabezamiento o término
9 (RLIN) 139424
710 1# - ENTRADA AGREGADA--NOMBRE DE ENTIDAD CORPORATIVA
Nombre de entidad corporativa o nombre de jurisdicción como elemento de entrada España.
Unidad subordinada Dirección General de Contribuciones e Impuestos.
9 (RLIN) 139425
852 ## - LOCALIZACIÓN
Ubicación ES-MaACL
Número de control de estantería T-770-F-5 (1890-91)
852 ## - LOCALIZACIÓN
Ubicación ES-MaACL
Número de control de estantería C-11161-70
866 #0 - MENCIÓN TEXTUAL DE FONDOS--UNIDAD BIBLIOGRÁFICA BÁSICA
Fondos 1890-91, 1919-32.
Holdings
Estatus retirado Estado de pérdida Estado de daño No para préstamo Colección Biblioteca de origen Biblioteca actual Ubicación en estantería Fecha de adquisición Fuente de adquisición Total de préstamos Signatura topográfica completa Código de barras Visto por última vez Precio de reemplazo Tipo de ítem Koha
        Periódicos y Revistas Biblioteca del Ateneo de Madrid Biblioteca del Ateneo de Madrid Sala Palomar 10/11/2009     C-11161-70 1181680 23/02/2023 23/02/2023 Revista
        Colección de folletos Biblioteca del Ateneo de Madrid Biblioteca del Ateneo de Madrid Depósito folletos 10/11/2009     T-770-F-5 1181679 23/02/2023 23/02/2023 Folleto